Cambridge English first Practice tests plus 2 with key
New edition for the 2015 exam specifications
Đã lưu trong:
| Príomhúdar: | |
|---|---|
| Údair Eile: | |
| Formáid: | Leabhar |
| Teanga: | Undetermined |
| Foilsithe: |
Harlow
Pearson
2014
|
| Ábhair: | |
| Rochtain Ar Líne: | http://lrc.tdmu.edu.vn/opac/search/detail.asp?aID=2&ID=33983 |
| Clibeanna: |
Cuir Clib Leis
Gan Chlibeanna, Bí ar an gcéad duine leis an taifead seo a chlibeáil!
|
| Thư viện lưu trữ: | Trung tâm Học liệu Trường Đại học Thủ Dầu Một |
|---|
| LEADER | 00822nam a2200229Ia 4500 | ||
|---|---|---|---|
| 001 | TDMU_33983 | ||
| 008 | 210410s9999 xx 000 0 und d | ||
| 082 | |a 372.86 068 | ||
| 090 | |b K203 | ||
| 100 | |a Kenny, Nick | ||
| 245 | 0 | |a Cambridge English first | |
| 245 | 0 | |b Practice tests plus 2 with key | |
| 245 | 0 | |c Nick Kenny, Lucrecia Luque-Mortimer | |
| 260 | |a Harlow | ||
| 260 | |b Pearson | ||
| 260 | |c 2014 | ||
| 300 | |a 208 p. | ||
| 520 | |a New edition for the 2015 exam specifications | ||
| 650 | |a English language |x Study and teaching |v Exercises, Problems; Ngôn ngữ Anh |x Học và dạy |v Vấn đề, bài tập | ||
| 700 | |a Luque-Mortimer, Lucrecia | ||
| 856 | |u http://lrc.tdmu.edu.vn/opac/search/detail.asp?aID=2&ID=33983 | ||
| 980 | |a Trung tâm Học liệu Trường Đại học Thủ Dầu Một | ||